00317nam a2200133 450000500170000002000180001708200190003508400250005410000190007924500150009825000120011326000480012530000100017320260130123350.0 a9789395161480 a658.872bRIT.E 2Colon Classification aRitendra Goell aE-commerce a2nd ed. a NewDelhi: bNew Age International,c 2023. a200p.